Normal view
MARC view
Entry Topical Term
001 - CONTROL NUMBER
- control field: 55541
003 - CONTROL NUMBER IDENTIFIER
- control field: OSt
005 - DATE AND TIME OF LATEST TRANSACTION
- control field: 20250722123304.0
008 - FIXED-LENGTH DATA ELEMENTS
- fixed length control field: 250722|| aca||aabn | a|a d
040 ## - CATALOGING SOURCE
- Original cataloging agency: OSt
- Transcribing agency: OSt
150 ## - HEADING--TOPICAL TERM
- Topical term or geographic name entry element: Corporate social responsibility, Philanthropic donation, Corporate political action, Political connection, Mass protest, Institutional transition.
670 ## - SOURCE DATA FOUND
- Source citation: Work cat.: (OSt): Cai, Yishu et al 55540, CSR As hedging against institutional transition risk: Corporate philanthropy after the sunflower movement in Taiwan
